[Event "SLO-ch U12"]
[Site "Ptuj"]
[Date "2017.02.28"]
[Round "3"]
[White "Lajovic, Maks"]
[Black "Kaluza, Dominik"]
[Result "0-1"]
[WhiteElo "1574"]
[BlackElo "1220"]
[PlyCount "56"]
[EventDate "2017.02.27"]
[EventType "swiss"]
[EventRounds "9"]
[EventCountry "SLO"]
[SourceTitle "CBM 177 Extra"]
[Source "ChessBase"]
[SourceDate "2017.04.27"]
[SourceVersion "1"]
[SourceVersionDate "2017.04.27"]
[SourceQuality "1"]

1. e4 c6 2. d4 d5 3. Nc3 dxe4 4. Nxe4 Bf5 5. Bd3 Qxd4 6. f3 Bxe4 7. fxe4 Nf6 8. Qe2 e5 9. c3 Qb6 10. Nf3 Nbd7 11. Be3 Bc5 12. Bxc5 Qxc5 13. Rc1 h6 14. b4 Qb6 15. a4 a5 16. Qd2 axb4 17. cxb4 Rxa4 18. Rb1 0-0 19. Bc4 Nxe4 20. Qc2 Rxb4 21. Rxb4 Qxb4+ 22. Kf1 Nec5 23. g4 e4 24. Nd2 Ne5 25. Ba2 Qd4 26. Rg1 Ncd3 27. Rg2 Nxg4 28. Nb3 Ne3+ 0-1